Countries Bordering 'H' Countries - Statistics

General Stats
  • This quiz has been taken 1,040 times
  • The average score is 9 of 11
Answer Stats
Country % Correct
Guatemala
91%
Nicaragua
91%
Slovakia
91%
Austria
88%
Dom. Rep.
88%
El Salvador
88%
Serbia
85%
Romania
84%
Slovenia
83%
Croatia
79%
Ukraine
76%
No matching quizzes found
Score Distribution
Percent of People with Each Score
Percentile by Number Answered
Your Score History
You have not taken this quiz